| 000 | 00596nam a2200157Ia 4500 | ||
|---|---|---|---|
| 008 | 160105s9999 xx 000 0 und d | ||
| 020 | _a91-22-00771-7 | ||
| 041 | _afre | ||
| 110 | _aFondation nationale pour la promotion de la santé et le développement de la recherche médicale | ||
| 245 | _aL'allaitement maternel | ||
| 260 | _bOffice des publications universitaires | ||
| 654 | _xALIMENTATION DU NOURRISSON/ALLAITEMENT/MALADIE RESPIRATOIRE/FACTEUR PSYCHOLOGIQUE/ALIMENTATION AU SEIN/CONTROLE DE MALADIES/ENQUETE/ALGERIE | ||
| 942 | _c09 | ||
| 994 | _a107467 | ||
| 999 |
_c7400 _d35398 |
||